Language Quiz

Random Language or Letter Quiz

Little Words That End in TH Quiz Stats

 Plays Quiz Updated Nov 8, 2017

Also try: Add a 'TH'
Challenge
Share
Tweet
Embed
Score 0/30 Timer 05:00
1 Play Today
Hint Answer % Correct
Four LetterBath
98.4%
Five LetterEarth
94.2%
Five LetterDeath
93.3%
Five LetterBirth
92.6%
Four LetterBoth
92.1%
Five LetterBroth
89.4%
Four LetterMoth
88.1%
Five LetterMonth
87.9%
Four LetterDoth
87.6%
Four LetterWith
86.8%
Five LetterWorth
82.2%
Four LetterOath
79.3%
Five LetterBooth
79.2%
Five LetterTruth
78%
Four LetterMeth
77.6%
Hint Answer % Correct
Five LetterFroth
76.6%
Five LetterCloth
76.3%
Four LetterMyth
75.8%
Five LetterWrath
72%
Five LetterGirth
70.8%
Four LetterMath
70.3%
Five LetterMouth
69.9%
Four LetterSith
69.8%
Four LetterSeth
67.3%
Five LetterSloth
62.5%
Four LetterRuth
62.2%
Five LetterFaith
60%
Four LetterGoth
56.9%
Four LetterLath
48.4%
Four LetterRoth
41.8%

You're not logged in!

Compare scores with friends on all Sporcle quizzes.
OR
Log In

You Might Also Like...

Show Comments

Extras

Top Quizzes Today


Score Distribution

Your Account Isn't Verified!

In order to create a playlist on Sporcle, you need to verify the email address you used during registration. Go to your Sporcle Settings to finish the process.

Report this User

Report this user for behavior that violates our Community Guidelines.

Details: